00495nam a2200181Ia 4500999001700000003000400017005001700021008004100038020001500079040000900094082001800103100002500121245003900146260004400185300000900229650003300238942004200271 c14300d14300OSt20201028110544.0190216s9999||||xx |||||||||||||| ||und|| a8179922200 coclc a891.73bCHE/R aChekhov, Anton95230 0a5 Russian Masters /cAnton Chekhov bJaico Publishing House,c2003.amumbai: a318p aEnglish Language Variitions cBK2ddch891.73iCHE/Rk891.73mCHE/R